[Event "Niedersachsen-ch"]
[Site "Verden"]
[Date "2008.01.04"]
[Round "4"]
[White "Walther, Jonas"]
[Black "Franke, Klaus"]
[Result "1/2-1/2"]
[WhiteElo "1859"]
[BlackElo "2045"]
[PlyCount "55"]
[EventDate "2008.01.03"]
[EventType "swiss"]
[EventRounds "7"]
[EventCountry "GER"]
[SourceTitle "EXT 2010"]
[Source "ChessBase"]
[SourceDate "2010.11.25"]
[SourceVersion "1"]
[SourceVersionDate "2010.11.25"]
[SourceQuality "1"]

1. e4 c6 2. d4 d5 3. exd5 cxd5 4. c4 Nc6 5. Nf3 Nf6 6. Nc3 Bg4 7. Be3 e6 8. Be2 Be7 9. 0-0 0-0 10. h3 Bh5 11. a3 dxc4 12. g4 Bg6 13. Bxc4 Na5 14. Bd3 Rc8 15. Ne5 Nd5 16. Nxd5 Qxd5 17. Bxg6 hxg6 18. Qd3 Nc4 19. Nxc4 Rxc4 20. Rac1 Rfc8 21. Rxc4 Rxc4 22. Rc1 Rxc1+ 23. Bxc1 e5 24. b4 Qxd4 25. Qxd4 exd4 26. Bb2 a5 27. bxa5 Bc5 28. Kf1 1/2-1/2

[Event "Bad Harzburg op"]
[Site "Bad Harzburg"]
[Date "2007.10.27"]
[Round "7"]
[White "Bergmann, Reinhold"]
[Black "Franke, Klaus"]
[Result "1/2-1/2"]
[WhiteElo "1965"]
[BlackElo "2045"]
[PlyCount "30"]
[EventDate "2007.10.23"]
[EventType "swiss"]
[EventRounds "7"]
[EventCountry "GER"]
[SourceTitle "EXT 2009"]
[Source "ChessBase"]
[SourceDate "2008.11.26"]
[SourceVersion "1"]
[SourceVersionDate "2008.11.26"]
[SourceQuality "1"]

1. e4 c6 2. d4 d5 3. Nc3 dxe4 4. Nxe4 Nd7 5. Nf3 Ngf6 6. Nxf6+ Nxf6 7. c3 Qc7 8. Bg5 Ne4 9. Bh4 Bf5 10. Ne5 Bg6 11. Qf3 Nf6 12. Nxg6 hxg6 13. Bg3 Qa5 14. Bc4 Qf5 15. Qxf5 gxf5 1/2-1/2

[Event "Niedersachsen-ch op"]
[Site "Verden"]
[Date "2007.01.05"]
[Round "3"]
[White "Bor, Tobias"]
[Black "Franke, Klaus"]
[Result "0-1"]
[WhiteElo "1715"]
[BlackElo "2044"]
[PlyCount "116"]
[EventDate "2007.01.04"]
[EventType "swiss"]
[EventRounds "7"]
[EventCountry "GER"]
[SourceTitle "EXT 2021"]
[Source "ChessBase"]
[SourceDate "2020.10.23"]
[SourceVersion "1"]
[SourceVersionDate "2020.10.23"]
[SourceQuality "1"]

1. e4 c6 2. Nf3 d5 3. exd5 cxd5 4. Ne5 Nf6 5. d4 e6 6. c3 Be7 7. Bd3 Nc6 8. 0-0 Nxe5 9. dxe5 Nd7 10. f4 g6 11. Nd2 0-0 12. Nf3 Nc5 13. Bb1 Qb6 14. Nd4 Bd7 15. Qe2 a5 16. Be3 Qa6 17. Qg4 Bb5 18. Nxb5 Qxb5 19. b3 Nd7 20. Bd4 Bc5 21. Rf3 Qb6 22. Bxc5 Qxc5+ 23. Kh1 Rfe8 24. Rh3 Qf8 25. Bd3 Nc5 26. Bc2 Qg7 27. Qg5 Nd7 28. Rh6 Rac8 29. Rh3 Rc7 30. Rc1 Rec8 31. Bd1 Nc5 32. c4 Ne4 33. Qh4 b5 34. c5 b4 35. Kg1 Nc3 36. Kf1 Rxc5 37. Qe7 R5c7 38. Qh4 Re8 39. Qe1 Rec8 40. Qh4 Rd7 41. a3 Rcd8 42. axb4 axb4 43. Bc2 Rf8 44. f5 exf5 45. Bxf5 Rdd8 46. Bd3 Rde8 47. Re1 Rb8 48. Qe7 f6 49. Qxg7+ Kxg7 50. e6 f5 51. Rg3 Kf6 52. Rge3 Ne4 53. g4 Kxe6 54. Bxe4 fxe4+ 55. Ke2 Ke5 56. Kd2 Ra8 57. Rh3 Ra2+ 58. Kd1 Rff2 0-1

[Event "Niedersachsen-ch op"]
[Site "Verden"]
[Date "2007.01.05"]
[Round "6"]
[White "Franke, Klaus"]
[Black "Juilfs, Galina"]
[Result "1/2-1/2"]
[WhiteElo "2044"]
[BlackElo "2045"]
[PlyCount "40"]
[EventDate "2007.01.04"]
[EventType "swiss"]
[EventRounds "7"]
[EventCountry "GER"]
[SourceTitle "EXT 2021"]
[Source "ChessBase"]
[SourceDate "2020.10.23"]
[SourceVersion "1"]
[SourceVersionDate "2020.10.23"]
[SourceQuality "1"]

1. d4 e6 2. Nf3 Nf6 3. c4 b6 4. Nc3 Bb7 5. e3 Be7 6. Bd3 0-0 7. 0-0 d6 8. e4 Nbd7 9. Qc2 e5 10. d5 a5 11. Kh1 Nc5 12. Ng1 Nfd7 13. Be2 Bf6 14. Bg4 Bc8 15. Be3 Re8 16. Qd2 Nf8 17. Bxc8 Rxc8 18. Nge2 Nfd7 19. Rg1 g6 20. Raf1 Bg7 1/2-1/2

[Event "Blankenburg op-A 14th"]
[Site "Blankenburg"]
[Date "2006.10.02"]
[Round "6"]
[White "Franke, Klaus"]
[Black "Heinze, Alexander"]
[Result "1-0"]
[WhiteElo "2045"]
[BlackElo "2089"]
[PlyCount "63"]
[EventDate "2006.09.29"]
[EventType "swiss"]
[EventRounds "7"]
[EventCountry "GER"]
[SourceTitle "EXT 2015"]
[Source "ChessBase"]
[SourceDate "2014.11.20"]
[SourceVersion "1"]
[SourceVersionDate "2014.11.20"]
[SourceQuality "1"]

1. d4 Nf6 2. Nf3 d6 3. e3 g6 4. Bd3 Bg7 5. 0-0 0-0 6. c4 Nbd7 7. Qc2 c6 8. Bd2 e5 9. Bc3 Re8 10. Nbd2 Nh5 11. e4 Nf4 12. Rfe1 Nxd3 13. Qxd3 Qc7 14. Rad1 Nf8 15. h3 Ne6 16. Qe3 Nf4 17. g3 Nh5 18. Kg2 Bd7 19. c5 exd4 20. Bxd4 Bxd4 21. Qxd4 dxc5 22. Qxc5 b6 23. Qc3 c5 24. Nc4 Bc6 25. Nd6 Re6 26. e5 Rd8 27. Kh2 h6 28. Nh4 Qe7 29. Qe3 Qf8 30. f4 f5 31. Qb3 Bd7 32. Nb7 1-0